000 00456nam a2200181Ia 4500
005 20250423095443.0
008 250422s9999 xx 000 0 und d
020 _a9789788408925
050 _aRC 467 .O36/
100 _aOfovwe, Caroline
245 0 _aFundamentals of general and clinical psychology
260 _aBenin
260 _bMindex Publishing Co. Ltd.
260 _c2011
300 _a301 p
650 _aClinical psychology
942 _cBK
999 _c30321
_d30321